| 000 | 00501nam a2200205Ia 4500 | ||
|---|---|---|---|
| 008 | 170918s9999 xx 000 0 und d | ||
| 020 | _a9780531212455 | ||
| 050 | _bP261 2010 | ||
| 100 | _aParritano, John | ||
| 245 | 4 | _aThe Lewis and Clark expedition / | |
| 245 | _cby John Perritano. | ||
| 260 | _aNew York : | ||
| 260 | _bChildren's Press, | ||
| 260 | _c2010 | ||
| 300 | _a48 pages : | ||
| 300 | _bcolored illustration ; | ||
| 300 | _c21cm. | ||
| 300 | _eA true book. | ||
| 500 | _a880 | ||
| 999 |
_c343162 _d343162 |
||